000 00720nam a2200181Ia 4500
008 100920s9999 xx 000 0 und d
082 _b17423
_a375 थ 66
100 _aसंग्राहक-गोखले गो. सी.
245 _aज्ञानसागरांतील शिंपले भाग 3 रा.
260 _bयशवंत प्रकाशन,पुणे.
_c1966
300 _a212
_bसाधी
365 _b2.5
520 _aशालो.
630 _aज्ञानसागरांतील शिंपले भाग 3 रा.
650 _aशालो.
730 _aज्ञानसागरांतील शिंपले भाग 3 रा.
942 _cBOOK
999 _c679613
_d679610